|
|
|
|
| LEADER |
00000nab#a22000007a#4500 |
| 001 |
arbauad010473 |
| 003 |
AR-BaUAD |
| 005 |
20250711111121.0 |
| 008 |
950425|||||||||###||||||b###|0###a|spa|| |
| 040 |
|
|
|a AR-BaUAD
|c AR-BaUAD
|b spa
|
| 245 |
1 |
0 |
|a Metamorfosis
|b permanencias y celebraciones
|
| 300 |
0 |
|
|b axonom., cortes, fot., implant., plantas, vistas
|
| 653 |
|
|
|a ARGENTINA
|
| 653 |
|
|
|a CORDOBA
|
| 653 |
|
|
|a ROCA, MIGUEL ANGEL
|
| 653 |
|
|
|a VALDEZ, JORGE
|
| 653 |
|
|
|a FACULTADES
|
| 653 |
|
|
|a FACULTADES DE DERECHO
|
| 653 |
|
|
|a PRESERVACION ARQUITECTONICA
|
| 773 |
0 |
|
|t ARQUIS
|g no. 4 [dic. 1994], p. 36-39
|
| 942 |
|
|
|c ARTI
|
| 952 |
|
|
|0 0
|1 0
|4 0
|7 0
|9 55393
|a AR-BAuAD
|b AR-BAuAD
|d 2025-07-11
|l 0
|p AAQA010473
|r 2025-07-11 11:11:21
|w 2025-07-11
|y ARTI
|
| 990 |
|
|
|a AQ199
|b TD
|
| 998 |
|
|
|a AAQ
|b BIBUN76
|
| 999 |
|
|
|c 35066
|d 35066
|